| 000 | 00559nam a22001817a 4500 | ||
|---|---|---|---|
| 999 |
_c130219 _d130219 |
||
| 008 | 200130b ||||| |||| 00| 0 eng d | ||
| 050 | _aL. Dc125.P192 1968 | ||
| 100 |
_aPanicucci, Alfredo _949159 |
||
| 245 |
_aThe Life and times of Louis xiv _cAlfredo Panicucci |
||
| 250 | _aRev. ed. | ||
| 260 |
_aMiddlesex _bPaul Hamlyn _c1968 |
||
| 300 |
_a75p. ; _c29cm. |
||
| 440 |
_aPortraits of greatness _949160 |
||
| 600 |
_aLouis xiv _949001 |
||
| 651 |
_aFrance _xHistory _xLouis xiv _949161 |
||
| 700 |
_aRichards C.J. (tr.) _949162 |
||
| 942 |
_2lcc _cMONOGRAPH |
||